LEADER 01856oam 2200469M 450 001 9910716171303321 005 20200213070912.7 035 $a(CKB)5470000002518400 035 $a(OCoLC)1065601947 035 $a(OCoLC)995470000002518400 035 $a(EXLCZ)995470000002518400 100 $a20071213d1926 ua 0 101 0 $aeng 135 $aurcn||||||||| 181 $ctxt$2rdacontent 182 $cc$2rdamedia 183 $acr$2rdacarrier 200 10$aTo relinquish the title of the United States to the land in the donation claim of the heirs of J.B. Baudreau, situate in the County of Jackson, State of Mississippi. January 8, 1926. -- Ordered to be printed 210 1$a[Washington, D.C.] :$c[U.S. Government Printing Office],$d1926. 215 $a1 online resource (2 pages) 225 1 $aHouse report / 69th Congress, 1st session. House ;$vno. 64 225 1 $a[United States congressional serial set] ;$v[serial no. 8535] 300 $aBatch processed record: Metadata reviewed, not verified. Some fields updated by batch processes. 300 $aFDLP item number not assigned. 606 $aClaims 606 $aInheritance and succession 606 $aLand grants 606 $aLand titles 608 $aLegislative materials.$2lcgft 615 0$aClaims. 615 0$aInheritance and succession. 615 0$aLand grants. 615 0$aLand titles. 701 $aDriver$b William Joshua$f1873-1948$pDemocrat (AR)$01386184 801 0$bWYU 801 1$bWYU 801 2$bOCLCO 801 2$bOCLCQ 906 $aBOOK 912 $a9910716171303321 996 $aTo relinquish the title of the United States to the land in the donation claim of the heirs of J.B. Baudreau, situate in the County of Jackson, State of Mississippi. January 8, 1926. -- Ordered to be printed$93444344 997 $aUNINA LEADER 00853cam2-2200301---450 001 990005409020403321 005 20240611123014.0 035 $aFED01000540902 035 $a(Aleph)000540902FED01 035 $a000540902 100 $a19990604d1900----km-y0itay50------ba 101 0 $ager 102 $aDE 105 $aa-------001yy 200 1 $a<>Altertum$fbearbeitet von Franz Winter 210 $aLeipzig und Berlin$cE. A. Seemann$d1900 215 $aX, 100 c. di tav.$d43 cm 461 0$1001000540898$12001$aKunstgeschichte in Bildern$v1 610 0 $aArte antica 676 $a709.3 702 1$aWinter,$bFranz$f<1861-1930> 801 0$aIT$bUNINA$gRICA$2UNIMARC 901 $aBK 912 $a990005409020403321 952 $aGR. FOR. ARCH. C 054 (01)$bARCH. 92$fFLFBC 959 $aFLFBC 996 $aAltertum$9591138 997 $aUNINA